000 00784nam a2200217Ia 4500
005 20250603113247.0
008 250516s9999 xx 000 0 und d
020 _a9780226690612
_qhbk
041 _aeng
082 _a362.4 VIR
100 _aVirdi, Jaipreet
245 0 _aHearing happiness : deafness cures in History
_c/Jaipreet Virdi;
250 _a1st ed.
260 _bUniversity of Chicago Press,
_c2020.
_aChicago:
300 _a331 p. :
_c23 cm.
504 _aBib and Ref
520 _aThrough lyrical history and personal memoir, Hearing Happiness raises pivotal questions about deafness in American society and the endless quest for a cure.
650 _aDeafness - Treatment; Medicine - History;
700 _a Deafness - Treatment - United States
942 _cREF
999 _c571142
_d571142